Pružinové slitiny mědi /

Enregistré dans:
Détails bibliographiques
Auteurs principaux: Rachštadt, Aleksandr G (Auteur), Pastuchovova, Žanna P (Auteur)
Format: Livre
Langue:tchèque
Publié: Praha : SNTL, 1986
Tags: Ajouter un tag
Pas de tags, Soyez le premier à ajouter un tag!

MARC

LEADER 00000nam a22000003a 4500
001 stu3527
005 20150617225616.7
008 930402s1986----cs------------------cze-d
040 |a STU  |b slo 
041 0 |a cze 
044 |a cs 
080 |a 669.35  |7 stu_us_auth*stu7229 
100 1 |a Rachštadt, Aleksandr G  |4 aut 
245 1 |a Pružinové slitiny mědi /  |c [aut.] Pastuchová,Ž.P.; Rachštadt,A.G 
260 |a Praha :  |b SNTL,  |c 1986 
300 |a 276 s 
700 1 |a Pastuchovova, Žanna P  |4 aut 
996 |b E68420  |c E*68420  |l EE05  |s P  |a 0  |w stu3527_0001 
996 |b E68421  |c E*68421  |l EE05  |s P  |a 0  |w stu3527_0002